Zmeny v daňovej legislatíve a ich dopady na podnikateľský sektor

Daňová oblasť na Slovensku prechádza mnohými zmenami. Zmeny v daňovej legislatíve výrazne ovplyvňujú podnikateľský sektor. V príspevku autorka poukazuje na základné zmeny v daňovej legislatíve.

Salvato in:
Dettagli Bibliografici
Autore principale: Teplická, Katarína
Natura: Capitolo di libro
Lingua:slovacco
Soggetti:
Tags: Aggiungi Tag
Nessun Tag, puoi essere il primo ad aggiungerne!!

MARC

LEADER 00000naa a2200000 4500
001 0290934
005 20240417075225.2
041 0 |a slo 
044 |a SK 
245 1 0 |a Zmeny v daňovej legislatíve a ich dopady na podnikateľský sektor  |c Katarína Teplická 
520 |a Daňová oblasť na Slovensku prechádza mnohými zmenami. Zmeny v daňovej legislatíve výrazne ovplyvňujú podnikateľský sektor. V príspevku autorka poukazuje na základné zmeny v daňovej legislatíve. 
610 2 0 |a dane 
610 2 0 |a optimalizácia daňová 
610 2 0 |a zdaňovanie 
610 2 0 |a sústava daňová 
610 2 0 |a prostredie podnikateľské 
610 2 0 |a legislatíva 
610 2 0 |a Slovensko 
100 1 |a Teplická, Katarína